MARC
| LEADER | 00000cam a2200000 7i4500 | ||
|---|---|---|---|
| 001 | 0000021214 | ||
| 005 | 20080229.0 | ||
| 040 | |a INS | ||
| 090 | 0 | 0 | |a DS592 |
| 110 | 1 | |a Inspen | |
| 245 | 0 | 4 | |a The NECF savy select interactive guide to Zimbabwe 2002 [ |h video recording] |
| 300 | |a 1 video disc (VCD) : |b sd. col., ; |c 2002. | ||
| 500 | |a VCD 123 | ||
| 651 | 0 | |a Zimbabwe |x Travel | |
| 999 | |a VCD0000123 |b VIDEO CD |c Media Collection |e Default branch | ||